| 000 | 00707nam a22002537a 4500 | ||
|---|---|---|---|
| 001 | 8050 | ||
| 003 | FISKH | ||
| 005 | 20250819155104.0 | ||
| 008 | 250819b cb ||||| |||| 00| 0 eng d | ||
| 020 | _a9788956354088 | ||
| 040 |
_aFISKH _beng _cFISKH _dFISKH |
||
| 050 | _aPZ7 | ||
| 100 | _aJacobs, Joseph | ||
| 245 |
_aThe master and his pupil / _cBy Jeseph Jacobs |
||
| 260 |
_aSeoul : _be-future , _c2009. |
||
| 300 |
_a34 pages : _bcolor illustrations ; _c20 cm . |
||
| 490 |
_aMy First Classic Readers _vLevel 4-7 |
||
| 505 | _aH | ||
| 521 | 8 |
_a400
_bLexile estimate |
|
| 521 | 8 |
_aH
_bRaz-Plus |
|
| 700 |
_aWilburn, Jason _eSeries Editor |
||
| 942 |
_2ddc _cBK _n0 |
||
| 999 |
_c8050 _d8050 |
||